Leasehold enfranchisement (Record no. 70956)
[ view plain ]
| 000 -LEADER | |
|---|---|
| fixed length control field | 01534cam a2200241 4500 |
| 001 - CONTROL NUMBER | |
| control field | WB3830-14 |
| 008 - FIXED-LENGTH DATA ELEMENTS--GENERAL INFORMATION | |
| fixed length control field | 020815n2002 000 0 eng u |
| 035 ## - SYSTEM CONTROL NUMBER | |
| System control number | (Sirsi) u119338 |
| 245 ## - TITLE STATEMENT | |
| Title | Leasehold enfranchisement |
| 260 ## - PUBLICATION, DISTRIBUTION, ETC. | |
| Date of publication, distribution, etc. | 2002 |
| 490 ## - SERIES STATEMENT | |
| Series statement | Estates Gazette Case Summaries |
| Volume/sequential designation | [2002] 32 EG 86 (CS) |
| 490 ## - SERIES STATEMENT | |
| Series statement | Estates Gazette |
| Volume/sequential designation | {2002] 45 EG 155 |
| 490 ## - SERIES STATEMENT | |
| Series statement | Court of Appeal (Civil Division) |
| Volume/sequential designation | [2002] EWCA Civ 1392 |
| 520 ## - SUMMARY, ETC. | |
| Summary, etc. | CA 26 July 2002. "West Hampstead Management Co Ltd v Pearl Property Ltd". Tenants of flats owned by Pearl Property Ltd (P) served notice of their intention to acquire the freehold of the property. The appellant company, West Hampstead Management Co Ltd (W) was to be the nominee purchaser. No agreement was reached as to the terms of the acquisition and the matter was referred to a leasehold valuation tribunal (LVT). This valued the property as at February 2000. Both parties appealed against the valuation to the LT which upheld the LVT finding as to the correct valuation date. W appealed contending that the correct valuation date was in fact May 1999. The appeal was dismissed with the valuation date being established as February 2000. |
| 590 ## - LOCAL NOTE (RLIN) | |
| Local note | WB |
| 650 ## - SUBJECT ADDED ENTRY--TOPICAL TERM | |
| Topical term or geographic name entry element | WEST HAMPSTEAD MANAGEMENT CO LTD V PEARL PROPERTY LTD |
| 650 ## - SUBJECT ADDED ENTRY--TOPICAL TERM | |
| Topical term or geographic name entry element | LEASEHOLD ENFRANCHISEMENT |
| 650 ## - SUBJECT ADDED ENTRY--TOPICAL TERM | |
| Topical term or geographic name entry element | VALUATION DATE |
| 650 ## - SUBJECT ADDED ENTRY--TOPICAL TERM | |
| Topical term or geographic name entry element | LEASEHOLD REFORM, HOUSING AND URBAN DEVELOPMENT ACT 1993 |
| 650 ## - SUBJECT ADDED ENTRY--TOPICAL TERM | |
| Topical term or geographic name entry element | LEASEHOLD VALUATION TRIBUNAL |
| 690 ## - LOCAL SUBJECT ADDED ENTRY--TOPICAL TERM (OCLC, RLIN) | |
| Topical term or geographic name as entry element | LANDLORD AND TENANT-LEASEHOLD REFORM-CASE LAW |
| 942 ## - ADDED ENTRY ELEMENTS (KOHA) | |
| Suppress in OPAC | 0 |
| Withdrawn status | Lost status | Source of classification or shelving scheme | Damaged status | Not for loan | Home library | Current library | Shelving location | Date acquired | Total Checkouts | Full call number | Barcode | Date last seen | Copy number | Price effective from | Koha item type |
|---|---|---|---|---|---|---|---|---|---|---|---|---|---|---|---|
| Dewey Decimal Classification | London | London | News article | 15/08/2002 | WB3830-14 | 119338-1001 | 06/08/2019 | 1 | 06/08/2019 | Law report |